000 00557nam a2200181 i 4500
001 49123
003 ES-MaACL
005 20240104063009.0
007 t|
008 030708s1962 sp ||||1| spa d
100 0 _aCorredor-Matheos, José,
_d1929-
_940776
245 1 0 _aPoema para un nuevo libro /
_cJosé Corredor-Matheos.
260 _aBarcelona :
_bInstituto de Estudios Hispánicos,
_c1962.
300 _a61 p., 4 lám. ;
_c23 cm.
500 _aPremio Boscan 1961.
852 _aES-MaACL
_jC-22557
_bR.51257
999 _c49123
_d49123